书目信息 |
| 题名: |
穿越岩石景观
|
|
| 作者: | 柯南 著 | |
| 分册: | ||
| 出版信息: | 长沙 湖南科学技术出版社 2006.03 |
|
| 页数: | 132页 | |
| 开本: | 23cm | |
| 丛书名: | 环境美学译丛 | |
| 单 册: | ||
| 中图分类: | X1-05 | |
| 科图分类: | ||
| 主题词: | 哲学--美学--基础理论 | |
| 电子资源: | ||
| ISBN: | 7-5357-4481-8 | |
| 000 | 00737nam0 2200229 450 | |
| 001 | 0635489061 | |
| 005 | 20061010163201.37 | |
| 010 | @a7-5357-4481-8@dCNY 24.00 | |
| 100 | @a20060821d2006 km y0chiy0120 ea | |
| 101 | 0 | @achi |
| 102 | @aCN@b430000 | |
| 200 | 1 | @a穿越岩石景观@Achuan yue yan shi jing guan@e贝尔纳·拉絮斯的景观言说方式@f(美)柯南著@F(mei)ke nan zhu |
| 210 | @a长沙@c湖南科学技术出版社@d2006.03 | |
| 215 | @a132页@d23cm | |
| 225 | 2 | @a环境美学译丛 |
| 410 | 0 | @12001 @a环境美学译丛 |
| 517 | 1 | @a贝尔纳·拉絮斯的景观言说方式@Abei er na·la xu si de jing guan yan shuo fang shi |
| 606 | 0 | @a哲学@x美学@x基础理论 |
| 690 | @aX1-05@v4 | |
| 701 | 0 | @a柯南@Ake nan@4著 |
| 801 | @aCN@c20061010 | |
| 905 | @apdsgxy@dX1-05@eK405 | |
| 穿越岩石景观:贝尔纳·拉絮斯的景观言说方式/(美)柯南著.-长沙:湖南科学技术出版社,2006.03 |
| 132页;23cm.-(环境美学译丛) |
| ISBN 7-5357-4481-8:CNY 24.00 |
| ● |
| 相关链接 |
|
|
|
正题名:穿越岩石景观
索取号:X1-05/K405
 
预约/预借
| 序号 | 登录号 | 条形码 | 馆藏地/架位号 | 状态 | 备注 |
| 1 | 609007 | 206090077 | 自科库501/501自科库 92排1列5层/ [索取号:X1-05/K405] | 在馆 | |
| 2 | 609008 | 206090086 | 自科库501/501自科库 92排1列5层/ [索取号:X1-05/K405] | 在馆 | |
| 3 | 609009 | 206090095 | 自科库501/501自科库 92排1列5层/ [索取号:X1-05/K405] | 在馆 |